<?xml version="1.0" encoding="UTF-8"?>
<record
    xmlns:xsi="http://www.w3.org/2001/XMLSchema-instance"
    xsi:schemaLocation="http://www.loc.gov/MARC21/slim http://www.loc.gov/standards/marcxml/schema/MARC21slim.xsd"
    xmlns="http://www.loc.gov/MARC21/slim">

  <leader>02119nam2a2200301   4500</leader>
  <controlfield tag="001">RU\NLR\PER_A\002533303_000710</controlfield>
  <controlfield tag="005">20250624032714.0</controlfield>
  <datafield tag="010" ind1=" " ind2=" ">
    <subfield code="a">978-5-94595-105-1</subfield>
    <subfield code="9">300</subfield>
  </datafield>
  <datafield tag="035" ind1=" " ind2=" ">
    <subfield code="a">(NLR Aleph) 012429239</subfield>
  </datafield>
  <datafield tag="090" ind1=" " ind2=" ">
    <subfield code="a">11866417</subfield>
    <subfield code="c">11866417</subfield>
  </datafield>
  <datafield tag="100" ind1=" " ind2=" ">
    <subfield code="a">20201209d2020    |||y0rusy50      ca</subfield>
  </datafield>
  <datafield tag="101" ind1="0" ind2=" ">
    <subfield code="a">rus</subfield>
  </datafield>
  <datafield tag="102" ind1=" " ind2=" ">
    <subfield code="a">RU</subfield>
  </datafield>
  <datafield tag="200" ind1="1" ind2=" ">
    <subfield code="a">&#x41D;&#x435;&#x432;&#x438;&#x434;&#x438;&#x43C;&#x44B;&#x439; &#x43A;&#x430;&#x43C;&#x435;&#x440;&#x442;&#x43E;&#x43D;</subfield>
    <subfield code="e">&#x43C;&#x430;&#x442;&#x435;&#x440;&#x438;&#x430;&#x43B;&#x44B; &#x424;&#x435;&#x432;&#x440;&#x430;&#x43B;&#x44C;&#x441;&#x43A;&#x438;&#x445; &#x43C;&#x443;&#x437;&#x435;&#x439;&#x43D;&#x44B;&#x445; &#x447;&#x442;&#x435;&#x43D;&#x438;&#x439; &#x43F;&#x430;&#x43C;&#x44F;&#x442;&#x438; &#x421;.&#x421;. &#x413;&#x435;&#x439;&#x447;&#x435;&#x43D;&#x43A;&#x43E; (2019-2020)</subfield>
  </datafield>
  <datafield tag="210" ind1=" " ind2=" ">
    <subfield code="d">2020</subfield>
    <subfield code="a">&#x411;. &#x43C;.</subfield>
  </datafield>
  <datafield tag="215" ind1=" " ind2=" ">
    <subfield code="a">255 &#x441;.</subfield>
    <subfield code="c">&#x438;&#x43B;., &#x43F;&#x43E;&#x440;&#x442;&#x440;.</subfield>
    <subfield code="d">20</subfield>
  </datafield>
  <datafield tag="320" ind1=" " ind2=" ">
    <subfield code="a">&#x411;&#x438;&#x431;&#x43B;&#x438;&#x43E;&#x433;&#x440;. &#x432; &#x43A;&#x43E;&#x43D;&#x446;&#x435; &#x441;&#x442;.</subfield>
  </datafield>
  <datafield tag="461" ind1=" " ind2="0">
    <subfield code="1">001RU\NLR\INFOCOMM33\1000079839</subfield>
    <subfield code="1">2001#$a&#x41C;&#x438;&#x445;&#x430;&#x439;&#x43B;&#x43E;&#x432;&#x441;&#x43A;&#x430;&#x44F; &#x43F;&#x443;&#x448;&#x43A;&#x438;&#x43D;&#x438;&#x430;&#x43D;&#x430;$e&#x421;&#x431;. &#x43D;&#x430;&#x443;&#x447;. &#x441;&#x43E;&#x442;&#x440;. &#x41C;&#x443;&#x437;&#x435;&#x44F;-&#x437;&#x430;&#x43F;&#x43E;&#x432;&#x435;&#x434;&#x43D;&#x438;&#x43A;&#x430; &#x410;.&#x421;. &#x41F;&#x443;&#x448;&#x43A;&#x438;&#x43D;&#x430; "&#x41C;&#x438;&#x445;&#x430;&#x439;&#x43B;&#x43E;&#x432;&#x441;&#x43A;&#x43E;&#x435;"$f&#x413;&#x43E;&#x441;. &#x43C;&#x435;&#x43C;&#x43E;&#x440;. &#x438;&#x441;&#x442;.-&#x43B;&#x438;&#x442;. &#x438; &#x43F;&#x440;&#x438;&#x440;&#x43E;&#x434;.-&#x43B;&#x430;&#x43D;&#x434;&#x448;&#x430;&#x444;&#x442;. &#x43C;&#x443;&#x437;&#x435;&#x439;-&#x437;&#x430;&#x43F;&#x43E;&#x432;&#x435;&#x434;&#x43D;&#x438;&#x43A; &#x410;.&#x421;. &#x41F;&#x443;&#x448;&#x43A;&#x438;&#x43D;&#x430; "&#x41C;&#x438;&#x445;&#x430;&#x439;&#x43B;&#x43E;&#x432;&#x441;&#x43A;&#x43E;&#x435;"$v&#x412;&#x44B;&#x43F;. 78</subfield>
    <subfield code="9">2868725</subfield>
    <subfield code="c">&#x41C;.</subfield>
    <subfield code="d">1996 -</subfield>
    <subfield code="f">&#x413;&#x43E;&#x441;. &#x43C;&#x435;&#x43C;&#x43E;&#x440;. &#x438;&#x441;&#x442;.-&#x43B;&#x438;&#x442;. &#x438; &#x43F;&#x440;&#x438;&#x440;&#x43E;&#x434;.-&#x43B;&#x430;&#x43D;&#x434;&#x448;&#x430;&#x444;&#x442;. &#x43C;&#x443;&#x437;&#x435;&#x439;-&#x437;&#x430;&#x43F;&#x43E;&#x432;&#x435;&#x434;&#x43D;&#x438;&#x43A; &#x410;.&#x421;. &#x41F;&#x443;&#x448;&#x43A;&#x438;&#x43D;&#x430; "&#x41C;&#x438;&#x445;&#x430;&#x439;&#x43B;&#x43E;&#x432;&#x441;&#x43A;&#x43E;&#x435;"</subfield>
    <subfield code="o">&#x421;&#x431;. &#x43D;&#x430;&#x443;&#x447;. &#x441;&#x43E;&#x442;&#x440;. &#x41C;&#x443;&#x437;&#x435;&#x44F;-&#x437;&#x430;&#x43F;&#x43E;&#x432;&#x435;&#x434;&#x43D;&#x438;&#x43A;&#x430; &#x410;.&#x421;. &#x41F;&#x443;&#x448;&#x43A;&#x438;&#x43D;&#x430; "&#x41C;&#x438;&#x445;&#x430;&#x439;&#x43B;&#x43E;&#x432;&#x441;&#x43A;&#x43E;&#x435;"</subfield>
    <subfield code="t">&#x41C;&#x438;&#x445;&#x430;&#x439;&#x43B;&#x43E;&#x432;&#x441;&#x43A;&#x430;&#x44F; &#x43F;&#x443;&#x448;&#x43A;&#x438;&#x43D;&#x438;&#x430;&#x43D;&#x430;</subfield>
    <subfield code="v">&#x412;&#x44B;&#x43F;. 78</subfield>
  </datafield>
  <datafield tag="600" ind1=" " ind2="1">
    <subfield code="a">&#x413;&#x435;&#x439;&#x447;&#x435;&#x43D;&#x43A;&#x43E;</subfield>
    <subfield code="b">&#x421;.&#x421;.</subfield>
    <subfield code="f">1903 - 1993</subfield>
    <subfield code="g">&#x421;&#x435;&#x43C;&#x435;&#x43D; &#x421;&#x442;&#x435;&#x43F;&#x430;&#x43D;&#x43E;&#x432;&#x438;&#x447;</subfield>
    <subfield code="j">&#x421;&#x44A;&#x435;&#x437;&#x434;&#x44B;, &#x441;&#x43E;&#x432;&#x435;&#x449;&#x430;&#x43D;&#x438;&#x44F; &#x438; &#x442;.&#x43F;</subfield>
    <subfield code="9">1378566</subfield>
    <subfield code="3">RU\NLR\AUTH\66264624</subfield>
  </datafield>
  <datafield tag="686" ind1="2" ind2=" ">
    <subfield code="a">&#x428;5(2=&#x420;)51-4&#x41F;&#x443;&#x448;&#x43A;&#x438;&#x43D;.&#x43B;6</subfield>
  </datafield>
  <datafield tag="711" ind1="1" ind2="2">
    <subfield code="a">&#x424;&#x435;&#x432;&#x440;&#x430;&#x43B;&#x44C;&#x441;&#x43A;&#x438;&#x435; &#x43C;&#x443;&#x437;&#x435;&#x439;&#x43D;&#x44B;&#x435; &#x447;&#x442;&#x435;&#x43D;&#x438;&#x44F; &#x43F;&#x430;&#x43C;&#x44F;&#x442;&#x438; &#x421;. &#x421;. &#x413;&#x435;&#x439;&#x447;&#x435;&#x43D;&#x43A;&#x43E;</subfield>
    <subfield code="d">22</subfield>
    <subfield code="e">&#x441;. &#x41C;&#x438;&#x445;&#x430;&#x439;&#x43B;&#x43E;&#x432;&#x441;&#x43A;&#x43E;&#x435;, &#x41F;&#x441;&#x43A;&#x43E;&#x432;&#x441;&#x43A;&#x430;&#x44F; &#x43E;&#x431;&#x43B;.</subfield>
    <subfield code="f">2019</subfield>
    <subfield code="9">729828</subfield>
    <subfield code="3">RU\NLR\AUTH\880533628</subfield>
  </datafield>
  <datafield tag="711" ind1="1" ind2="2">
    <subfield code="a">&#x424;&#x435;&#x432;&#x440;&#x430;&#x43B;&#x44C;&#x441;&#x43A;&#x438;&#x435; &#x43C;&#x443;&#x437;&#x435;&#x439;&#x43D;&#x44B;&#x435; &#x447;&#x442;&#x435;&#x43D;&#x438;&#x44F; &#x43F;&#x430;&#x43C;&#x44F;&#x442;&#x438; &#x421;. &#x421;. &#x413;&#x435;&#x439;&#x447;&#x435;&#x43D;&#x43A;&#x43E;</subfield>
    <subfield code="d">23</subfield>
    <subfield code="e">&#x441;. &#x41C;&#x438;&#x445;&#x430;&#x439;&#x43B;&#x43E;&#x432;&#x441;&#x43A;&#x43E;&#x435;, &#x41F;&#x441;&#x43A;&#x43E;&#x432;&#x441;&#x43A;&#x430;&#x44F; &#x43E;&#x431;&#x43B;.</subfield>
    <subfield code="f">2020</subfield>
    <subfield code="9">729832</subfield>
    <subfield code="3">RU\NLR\AUTH\880533630</subfield>
  </datafield>
  <datafield tag="852" ind1=" " ind2=" ">
    <subfield code="a">NLR</subfield>
    <subfield code="j">&#x41F;34/1237</subfield>
  </datafield>
  <datafield tag="942" ind1=" " ind2=" ">
    <subfield code="c">ISSUE</subfield>
  </datafield>
  <datafield tag="980" ind1=" " ind2=" ">
    <subfield code="a">NB</subfield>
  </datafield>
  <datafield tag="980" ind1=" " ind2=" ">
    <subfield code="a">RUSPER</subfield>
  </datafield>
</record>
